Almansor Telheiros o barro e os homens (Record no. 46052)

MARC details
000 -Etiqueta do registo
Valores 00399nam a2200157 4500
100 ## - Dados gerais de processamento
Dados gerais 20260424 pory50
101 ## - Língua de publicação
Língua por
102 ## - País de publicação
País PT
200 ## - Titulo e menção de responsabilidade
Título próprio Almansor Telheiros o barro e os homens
Primeira menção de responsabilidade Vasco Fernando
210 ## - Publicação
Local de publicação [Não identificado]
Nome do editor [Não identificado]
Data de publicação [Não identificado]
215 ## - Descrição física 
Paginação / Volumes 1 v.
675 ## - CDU
Notação 738(469)
801 ## - Fonte de origem
País PT
Regras de catalogação RPC
990 ## - Elementos KOHA
Tipo de documento Livro
Holdings
Aquisição Empréstimo Código de barras Cota Permissão de empréstimo Tipo de documento Nota relativa ao exemplar
Fundo Local do Concelho Fundo Local do Concelho 057203 738(469) SAN Consulta presencial Livro fotocópia do original

Powered by Koha